Administrative law:
The publication of the 6th edition of this standard original work bears testimony to its popularity.The updated edition of this widely acclaimed work includes latest developments in the field of Administrative law.
Saved in:
| 主要作者: | |
|---|---|
| 格式: | 图书 |
| 出版: |
New Delh:
Estern book company.;
c 2005.
|
| 版: | 6th ed. |
| 主题: | |
| 标签: |
添加标签
没有标签, 成为第一个标记此记录!
|
MARC
| LEADER | 00000nam a2200000 4500 | ||
|---|---|---|---|
| 005 | 20251003071307.0 | ||
| 020 | |a 8170128595 |c TZS 628/= | ||
| 040 | |a MCCL |b eng. |e AACR 2nd rev.ed. | ||
| 082 | |a 342.06 MAS | ||
| 100 | |a Massey,I.P. | ||
| 245 | |a Administrative law: |c /I.P.Massey | ||
| 250 | |a 6th ed. | ||
| 260 | |a New Delh: |b Estern book company.; |c c 2005. | ||
| 300 | |a XLI, 548 p. : |c 22 cm. | ||
| 504 | |a Includes subject index. | ||
| 520 | |a The publication of the 6th edition of this standard original work bears testimony to its popularity.The updated edition of this widely acclaimed work includes latest developments in the field of Administrative law. | ||
| 546 | |a eng. | ||
| 650 | |a Administrative law | ||
| 650 | |a Administrative action | ||
| 650 | |a Administrative adjudication | ||
| 700 | |a Massey,I.P | ||
| 942 | |c BK | ||
| 999 | |c 11656 |d 11656 | ||